Manila MRT LRT PNR Stations on a Map - Statistics

General Stats
  • This quiz has been taken 167 times
    130 since last reset
  • The average score is 39 of 66
Answers on the Map
Answers color-coded by a green-red scale on the quiz's map according to % correct below.
 
Answer Stats
Answer % Correct
Buendia
82%
Gil Puyat
82%
Araneta Center-Cubao
81%
North Avenue
78%
Recto
78%
Baclaran
77%
EDSA
75%
EDSA
75%
Fernando Poe Jr.
75%
Taft Avenue
75%
Central Terminal
74%
United Nations
73%
Yamaha Monumento
73%
Antipolo
71%
Balintawak
71%
Betty Go-Belmonte
71%
Santolan-Annapolis
71%
Boni
70%
Doroteo Jose
70%
Guadalupe
70%
Shaw Boulevard
70%
Carriedo
69%
Ortigas
69%
Ayala
68%
Blumentritt
68%
Quirino
68%
Vito Cruz
68%
Vito Cruz
68%
Katipunan
66%
Marikina-Pasig
66%
Santolan
66%
GMA-Kamuning
65%
Legarda
65%
Pedro Gil
65%
R. Papa
65%
V. Mapa
65%
Bambang
64%
Quezon Avenue
62%
Gilmore
61%
Magallanes
61%
Tayuman
61%
5th Avenue
58%
5th Avenue
58%
Anonas
58%
Pureza
58%
J. Ruiz
57%
Libertad
56%
Abad Santos
53%
Tutuban
52%
Alabang
47%
España
39%
FTI
39%
Nichols
38%
Santa Mesa
38%
Paco
36%
Sucat
36%
Bicutan
32%
Pasay Road
32%
Caloocan
31%
Laon Laan
29%
Pandacan
29%
Solis
27%
Governor Pascual
22%
San Andres
21%
Dela Rosa
19%
10th Avenue
18%
No matching quizzes found
Score Distribution
Percent of People with Each Score
Percentile by Number Answered
Your Score History
You have not taken this quiz since the last reset